[Event "Chigorin Memorial"]
[Site "St Petersburg RUS"]
[Date "2012.10.27"]
[Round "1.34"]
[White "Aminov, Andrey"]
[Black "Halkias, Stelios"]
[Result "1/2-1/2"]
[BlackTitle "GM"]
[WhiteElo "2147"]
[BlackElo "2581"]
[WhiteFideId "24162728"]
[BlackFideId "4201809"]
[EventDate "2012.10.27"]

1. e4 c5 2. Nf3 e6 3. c4 Nc6 4. Be2 e5 5. O-O d6 6. d3 g6 7. Ne1 Bg7 8. Bg4 Be6
9. Nc3 Nf6 10. Bxe6 fxe6 11. Bg5 O-O 12. Qd2 Qd7 13. Ne2 Rab8 14. b3 Nh5 15. Rd1
a6 16. Nc2 b5 17. Ne3 Nf4 18. Nc2 Nh5 19. Ne3 Rf7 20. Ng4 Kh8 21. Qe3 Nf4 22.
Nh6 Nxe2+ 23. Qxe2 Rff8 24. Qg4 Nd4 25. Qh4 Ne2+ 26. Kh1 Nf4 27. Rd2 Rb7 28. f3
Nh5 29. g3 d5 30. Kg2 Qc6 31. cxb5 axb5 32. Rff2 Ra7 33. Rc2 Qd6 34. Ng4 Rc8 35.
Bh6 Bxh6 36. Nxh6 Kg7 37. Qg5 Qe7 38. Qxe7+ Rxe7 39. Ng4 Nf6 40. Nxe5 Nd7 41.
Nxd7 Rxd7 42. Rf1 Kf6 43. Rfc1 Rdc7 44. Kf2 g5 45. Ke3 d4+ 46. Kf2 e5 47. Kg2
Ke6 48. a4 bxa4 49. bxa4 Kd6 50. f4 gxf4 51. gxf4 exf4 52. Rb1 c4 53. Rb6+ Kd7
54. Rxc4 Rxc4 55. dxc4 Rxc4 56. Rb5 Rxa4 57. Rd5+ Ke6 58. Kf3 Ra2 59. Rxd4 1/2-1/2

[Event "Chigorin Memorial"]
[Site "St Petersburg RUS"]
[Date "2012.10.27"]
[Round "1.35"]
[White "Burmakin, Vladimir"]
[Black "Ivanov, Rostislav"]
[Result "1-0"]
[WhiteTitle "GM"]
[BlackTitle "FM"]
[WhiteElo "2579"]
[BlackElo "2146"]
[WhiteFideId "4105109"]
[BlackFideId "4160495"]
[EventDate "2012.10.27"]

1. Nf3 d6 2. d4 g6 3. g3 Bg7 4. Bg2 Nf6 5. O-O O-O 6. c4 Nbd7 7. Nc3 e5 8. h3 c6
9. e4 Re8 10. Be3 a6 11. dxe5 dxe5 12. Qc2 Qe7 13. a3 b5 14. b4 Rb8 15. Nd2 Nh5
16. Nb3 Bb7 17. Na5 Ba8 18. c5 Nf8 19. Rad1 Rbd8 20. Rxd8 Rxd8 21. Rd1 Ne6 22.
Rd2 Bf6 23. h4 Nhg7 24. Bh3 Nd4 25. Bxd4 exd4 26. Ne2 Ne8 27. Qd3 g5 28. hxg5
Bxg5 29. f4 Bh6 30. Nxd4 1-0

[Event "Chigorin Memorial"]
[Site "St Petersburg RUS"]
[Date "2012.10.27"]
[Round "1.36"]
[White "Lutovinov, Alexander"]
[Black "Grigoriants, Sergey"]
[Result "0-1"]
[BlackTitle "GM"]
[WhiteElo "2145"]
[BlackElo "2578"]
[WhiteFideId "34114758"]
[BlackFideId "4130804"]
[EventDate "2012.10.27"]

1. e4 c5 2. d4 cxd4 3. Qxd4 Nc6 4. Qe3 Nf6 5. Nc3 d6 6. Bd2 g6 7. O-O-O Bg7 8.
f4 O-O 9. Nf3 Be6 10. Ng5 Qc8 11. h3 Rb8 12. g4 b5 13. Nxe6 Qxe6 14. g5 b4 15.
f5 gxf5 16. gxf6 bxc3 17. Bxc3 Bxf6 18. Bc4 Bxc3 19. Bxe6 Bxb2+ 20. Kd2 fxe6 21.
exf5 exf5 22. c3 Ba3 23. Rb1 Kh8 24. Kc2 Rbc8 25. Rhf1 Rf6 26. Rb7 Bc5 27. Qg5
Rg8 28. Qh5 Rgf8 29. Rc7 d5 30. Qf3 Bb6 31. Rb7 d4 32. Kb1 dxc3 33. Qxc3 Bd4 34.
Qd3 f4 35. Qe4 f3 36. a3 Be5 37. Ka2 f2 38. Rxe7 Nxe7 39. Qxe5 Nc6 40. Qc3 Kg8
41. Qb3+ Kh8 42. Qc3 Kg8 43. h4 R8f7 44. h5 h6 45. Qc4 Ne5 46. Qe4 Rf5 47. Qd4
Kh7 48. Qe4 Kg7 49. Qd4 a6 50. a4 R7f6 51. Qa7+ Nf7 52. Qe3 Rf3 53. Qe2 R3f4 54.
Kb3 Kf8 55. Ka3 a5 56. Qb5 R4f5 57. Qb8+ Kg7 58. Qg3+ Ng5 59. Qc7+ Nf7 60. Qg3+
Kh7 61. Qd3 Ne5 62. Qe4 Kg8 63. Rxf2 Rxf2 64. Qxe5 R6f3+ 0-1

[Event "Chigorin Memorial"]
[Site "St Petersburg RUS"]
[Date "2012.10.27"]
[Round "1.37"]
[White "Popov, Valerij"]
[Black "Pischikov, Vadim"]
[Result "1-0"]
[WhiteTitle "GM"]
[WhiteElo "2577"]
[BlackElo "2143"]
[WhiteFideId "4119410"]
[BlackFideId "4100280"]
[EventDate "2012.10.27"]

1. c4 e5 2. g3 f5 3. d4 exd4 4. Qxd4 Nc6 5. Qd3 Bb4+ 6. Bd2 Bxd2+ 7. Nxd2 Qf6 8.
O-O-O Nge7 9. Bg2 d6 10. Nh3 Bd7 11. f4 O-O-O 12. a3 h6 13. Nb1 Be6 14. Nc3 Qf7
15. Nd5 Nb8 16. e4 Nec6 17. Nf2 Rhe8 18. Rhe1 Nd7 19. b4 fxe4 20. Bxe4 Nf8 21.
Rd2 Ne7 22. Qd4 Kb8 23. Rde2 c6 24. Nxe7 Rxe7 25. Bd3 Red7 26. Qe4 Qf6 27. f5
Qc3+ 28. Kb1 Bf7 29. Ka2 Re8 30. Qf4 Rxe2+ 31. Rxe2 Kc7 32. Rc2 Qe5 33. Qxe5
dxe5 34. Kb2 Rd4 35. Kc3 b6 36. Re2 Nd7 37. h3 c5 38. Re1 a5 39. bxa5 bxa5 40.
Ne4 Kc6 41. Nd2 Nb6 42. Rxe5 Na4+ 43. Kc2 Nb2 44. Kxb2 Rxd3 45. Ne4 Re3 46.
Rxc5+ Kb6 47. Rb5+ Kc6 48. Re5 Kb6 49. h4 Bxc4 50. Nd2 Re2 51. Kc3 Ba6 52. Rxe2
Bxe2 53. Nc4+ Ka6 54. Nd6 Kb6 55. Ne8 Kc6 56. Nxg7 Kd5 57. f6 Kd6 58. Nf5+ 1-0

[Event "Chigorin Memorial"]
[Site "St Petersburg RUS"]
[Date "2012.10.27"]
[Round "1.38"]
[White "Pogosian, Vladimir"]
[Black "Epishin, Vladimir"]
[Result "0-1"]
[BlackTitle "GM"]
[WhiteElo "2143"]
[BlackElo "2574"]
[WhiteFideId "13301586"]
[BlackFideId "4162714"]
[EventDate "2012.10.27"]

1. e4 c5 2. Ne2 Nc6 3. g3 d5 4. Bg2 dxe4 5. Nbc3 Nf6 6. Nxe4 Nxe4 7. Bxe4 g6 8.
d3 Bg7 9. c3 O-O 10. Be3 Qd6 11. Qc2 e5 12. f4 exf4 13. Nxf4 Bd7 14. O-O Rae8
15. Rae1 b6 16. a3 Ne5 17. d4 Ng4 18. dxc5 bxc5 19. Bc1 c4 20. h3 Qc5+ 21. Kh1
Rxe4 22. Rxe4 Bc6 23. hxg4 Re8 24. Re1 Bxe4+ 25. Rxe4 Qc6 26. Kg1 Rxe4 27. Ng2
h6 28. Qf2 Qe6 29. Be3 Qxg4 30. Nf4 h5 31. Kg2 a6 32. Qf3 Qxf3+ 33. Kxf3 Re5 34.
Ng2 g5 35. Ne1 Kh7 36. Nc2 Kg6 37. a4 g4+ 38. Kf2 Ra5 39. Bf4 Rxa4 40. Ne3 Ra2
41. Nd1 Bh6 42. Bd6 Bc1 43. Ba3 a5 44. Ke1 a4 45. Ke2 f5 0-1

[Event "Chigorin Memorial"]
[Site "St Petersburg RUS"]
[Date "2012.10.27"]
[Round "1.39"]
[White "Grigoryan, Avetik"]
[Black "Naslund, Mikael"]
[Result "1-0"]
[WhiteTitle "GM"]
[BlackTitle "FM"]
[WhiteElo "2572"]
[BlackElo "2142"]
[WhiteFideId "13302191"]
[BlackFideId "1708260"]
[EventDate "2012.10.27"]

1. d4 Nf6 2. c4 g6 3. Nc3 d5 4. Bf4 Bg7 5. e3 c5 6. dxc5 Qa5 7. Rc1 dxc4 8. Bxc4
O-O 9. Ne2 Nc6 10. Qb3 Qxc5 11. Nb5 Qh5 12. Ng3 Qh4 13. Nc7 Rb8 14. Bxf7+ Rxf7
15. Rxc6 bxc6 16. Qxb8 Rf8 17. Qb3+ Kh8 18. Ne6 Bxe6 19. Qxe6 Nd5 20. Ne2 Qh5
21. Qxc6 Nxf4 22. Nxf4 Qa5+ 23. Ke2 Qxa2 24. Nd3 Qb3 25. Rc1 Rd8 26. Qc4 Qb8 27.
Qc7 Bf6 28. Qxb8 Rxb8 29. b4 Kg7 30. Rc6 Kf7 31. Kd2 h5 32. Ra6 Rb7 33. Kc2 g5
34. h3 g4 35. hxg4 hxg4 36. Kb3 Rd7 37. Kc4 Rc7+ 38. Nc5 Be5 39. Kd5 Bc3 40. b5
Be1 41. Rc6 e6+ 42. Kd6 Re7 43. Nd3 g3 44. f3 Bd2 45. Ne5+ Kf6 46. Ng4+ Kf7 47.
Nh6+ Kf8 48. Rc8+ Re8 49. Rxe8+ Kxe8 50. Kxe6 Bxe3 51. Nf5 Bf4 52. Ne7 Be3 53.
Nd5 Bd4 54. f4 Bc5 55. f5 Bd4 56. f6 Bc5 57. Nf4 Bb4 58. Ng6 1-0

[Event "Chigorin Memorial"]
[Site "St Petersburg RUS"]
[Date "2012.10.27"]
[Round "1.40"]
[White "Menkov, Aleksandr"]
[Black "Shomoev, Anton"]
[Result "0-1"]
[BlackTitle "GM"]
[WhiteElo "2142"]
[BlackElo "2571"]
[WhiteFideId "24160326"]
[BlackFideId "4135148"]
[EventDate "2012.10.27"]

1. Nf3 Nf6 2. g3 d5 3. Bg2 c6 4. b3 Bg4 5. Bb2 Nbd7 6. d4 e6 7. Nbd2 Be7 8. O-O
O-O 9. Ne5 Nxe5 10. dxe5 Nd7 11. f3 Bh5 12. e4 Bg5 13. g4 Be3+ 14. Kh1 Bf4 15.
Qe1 Bg6 16. Rd1 Re8 17. Qf2 Qc7 18. c4 Nxe5 19. Bd4 Nd7 20. Be3 Nf6 21. Bxa7
Bxh2 22. Bb6 Qg3 23. a4 Qxf2 24. Rxf2 Bg3 25. Re2 Bf4 26. Bh3 h5 27. gxh5 Nxh5
28. Kg1 Nf6 29. Bg2 dxe4 30. fxe4 Nd7 31. Be3 Bxe3+ 32. Rxe3 Ne5 33. Nf3 Bh5 34.
Rf1 Bxf3 35. Bxf3 Red8 36. Ra1 Rd2 37. Be2 c5 38. Kf1 Rad8 39. a5 Nc6 40. a6 Ra8
41. b4 Nxb4 42. a7 Nc2 43. Rea3 Rd7 0-1

[Event "Chigorin Memorial"]
[Site "St Petersburg RUS"]
[Date "2012.10.27"]
[Round "1.42"]
[White "Kuzmin, Egor"]
[Black "Lintchevski, Daniil"]
[Result "0-1"]
[BlackTitle "GM"]
[WhiteElo "2140"]
[BlackElo "2562"]
[WhiteFideId "24101737"]
[BlackFideId "4171055"]
[EventDate "2012.10.27"]

1. d4 Nf6 2. c4 e6 3. Nf3 c5 4. d5 b5 5. dxe6 fxe6 6. cxb5 d5 7. e3 Bd6 8. Be2
O-O 9. O-O Nbd7 10. Nbd2 Bb7 11. b3 Qe8 12. Bb2 Rd8 13. Qc2 Qh5 14. h3 Qh6 15.
Rad1 Bb8 16. b4 Rc8 17. bxc5 Nxc5 18. Be5 Bxe5 19. Nxe5 Nce4 20. Nc6 Bxc6 21.
bxc6 Nxd2 22. Rxd2 Ne4 23. Rd3 Qf6 24. Bf3 Ng5 25. Bg4 Nf7 26. Qc5 Ne5 27. Rb3
Rxc6 28. Qxa7 Nxg4 29. hxg4 Rc1 30. f3 Rc2 31. Rb8 h6 32. Qa8 Rc3 33. Rxf8+ Qxf8
34. Qxf8+ Kxf8 35. Re1 Ke7 36. Re2 e5 37. Kf2 Kd6 38. Rd2 Kc5 39. Ke2 d4 40.
exd4+ exd4 41. Rd3 Rc2+ 42. Rd2 Rc3 43. Rd3 Rc2+ 44. Rd2 Rc4 45. Kd3 Rc3+ 46.
Ke2 Kc4 47. Rb2 d3+ 48. Ke3 Rc1 49. Rb7 Re1+ 50. Kd2 Re2+ 51. Kd1 g5 52. Rb6
Rxa2 53. Rxh6 Rxg2 54. Ke1 Kd4 55. Re6 d2+ 56. Kd1 Kd3 57. Rd6+ Ke3 58. f4 Rg1+
59. Kc2 Rc1+ 0-1

[Event "Chigorin Memorial"]
[Site "St Petersburg RUS"]
[Date "2012.10.27"]
[Round "1.43"]
[White "Malakhatko, Vadim"]
[Black "Hallaeva, Bahar"]
[Result "1-0"]
[WhiteTitle "GM"]
[BlackTitle "WFM"]
[WhiteElo "2558"]
[BlackElo "2139"]
[WhiteFideId "14104202"]
[BlackFideId "14000679"]
[EventDate "2012.10.27"]

1. c4 e5 2. Nc3 Nf6 3. e3 Bb4 4. Nge2 O-O 5. a3 Bxc3 6. Nxc3 d5 7. cxd5 Nxd5 8.
Qc2 Nc6 9. Be2 Be6 10. b4 Qg5 11. O-O Rad8 12. Bb2 Bf5 13. Ne4 Qg6 14. d3 a6 15.
Rac1 Bxe4 16. dxe4 Nde7 17. Bc4 Rd6 18. Bc3 b5 19. Bb3 Rfd8 20. f4 Rd3 21. Qf2
Kh8 22. fxe5 h6 23. Qf4 Rf8 24. Bxf7 Rxf7 25. Qxf7 Qxe4 26. Qf4 Qd5 27. e6 Kh7
28. Bxg7 Qxe6 29. Bd4 Nxd4 30. exd4 Nd5 31. Qe5 Re3 32. Qxe6 Rxe6 33. Rce1 Rd6
34. Rf3 Kg6 35. Ref1 Nf6 36. Rxf6+ Rxf6 37. Rxf6+ Kxf6 38. Kf2 Ke6 39. Ke3 Kf5
40. Kf3 h5 41. g3 Kg5 42. h3 1-0

[Event "Chigorin Memorial"]
[Site "St Petersburg RUS"]
[Date "2012.10.27"]
[Round "1.46"]
[White "Bivol, Alina"]
[Black "Jumabayev, Rinat"]
[Result "0-1"]
[WhiteTitle "WFM"]
[BlackTitle "GM"]
[WhiteElo "2137"]
[BlackElo "2545"]
[WhiteFideId "4100123"]
[BlackFideId "13702661"]
[EventDate "2012.10.27"]

1. e4 e6 2. d4 d5 3. exd5 exd5 4. Nf3 Nc6 5. Bb5 Bd6 6. O-O Ne7 7. c4 dxc4 8.
Nbd2 O-O 9. Nxc4 Bg4 10. Be3 Nd5 11. h3 Bh5 12. Bxc6 bxc6 13. Rc1 Re8 14. g4 Bg6
15. Nce5 Be4 16. Re1 Qf6 17. Ng5 Nxe3 18. Rxe3 Bd5 19. Ne4 Qh6 20. Nxd6 cxd6 21.
Nc4 Bxc4 22. Rxe8+ Rxe8 23. Rxc4 Qxh3 24. Rxc6 g6 25. Rc3 Qh4 26. Kg2 Re4 27.
Rg3 Qf6 28. Rd3 Qe6 29. Kg3 Re1 30. Qf3 Rg1+ 31. Kh4 h5 0-1

[Event "Chigorin Memorial"]
[Site "St Petersburg RUS"]
[Date "2012.10.27"]
[Round "1.47"]
[White "Yevseev, Denis"]
[Black "Gorjunov, Sergey2"]
[Result "1-0"]
[WhiteTitle "GM"]
[WhiteElo "2545"]
[BlackElo "2134"]
[WhiteFideId "4126378"]
[BlackFideId "4166590"]
[EventDate "2012.10.27"]

1. Nf3 Nf6 2. c4 e6 3. g3 c5 4. Bg2 Nc6 5. O-O Be7 6. d4 cxd4 7. Nxd4 d5 8. Nc3
O-O 9. cxd5 exd5 10. Bf4 Be6 11. Rc1 Qd7 12. Nxe6 fxe6 13. e4 d4 14. e5 dxc3 15.
exf6 Qxd1 16. Rfxd1 Bxf6 17. bxc3 Rad8 18. Be3 Rxd1+ 19. Rxd1 Rd8 20. Rxd8+ Nxd8
21. Bxa7 Bxc3 22. Bb6 Bf6 23. a4 Kf7 24. a5 Be7 25. Bxb7 Nxb7 26. a6 Nd6 27. a7
Nc8 28. a8=Q Nxb6 29. Qf3+ Ke8 30. Qh5+ Kf8 31. Qxh7 Nd5 32. f4 Bf6 33. Qe4 Ke7
34. h4 Kd6 35. Kg2 Ne7 36. Kh3 Nf5 37. g4 Ne7 38. Qb4+ Kd7 39. g5 1-0

[Event "Chigorin Memorial"]
[Site "St Petersburg RUS"]
[Date "2012.10.27"]
[Round "1.48"]
[White "Tkachev, Ivan"]
[Black "Savchenko, Boris"]
[Result "0-1"]
[BlackTitle "GM"]
[WhiteElo "2128"]
[BlackElo "2540"]
[WhiteFideId "4186885"]
[BlackFideId "4147332"]
[EventDate "2012.10.27"]

1. d4 e6 2. c4 b6 3. Nc3 Bb4 4. e4 Bb7 5. f3 Ne7 6. a3 Bxc3+ 7. bxc3 Ba6 8. Nh3
Nbc6 9. Bd3 Na5 10. Qe2 Nb3 11. Rb1 Nxc1 12. Rxc1 Nc6 13. O-O Qe7 14. Nf4 Qxa3
15. c5 Bxd3 16. Qxd3 bxc5 17. Ra1 c4 18. Qxc4 Qd6 19. e5 Qe7 20. d5 Nxe5 21.
Qxc7 Qg5 22. dxe6 O-O 23. Nh3 Qe3+ 24. Kh1 Rfc8 25. exf7+ Kxf7 26. Qd6 Qc5 27.
Ng5+ Kg8 28. Qxc5 Rxc5 29. Ne4 Rd5 30. Ra6 Nc6 31. h3 Rb8 32. Re1 Kf8 33. c4 Re5
34. Rd1 Ke7 35. Rd5 Rb7 36. Kh2 Rxd5 37. cxd5 Nb4 38. d6+ Ke8 39. Ra4 Nc6 40.
Nc3 Rb4 41. Ra6 Kf7 42. Ne4 Rb5 43. Ra3 a5 44. h4 Ke6 45. Rd3 h6 46. Kg3 Ne5 47.
Rd4 Nf7 48. Kf4 Rd5 49. Rc4 Nxd6 50. Nc5+ Ke7 51. Rc2 Rd4+ 52. Kg3 Rc4 53. Re2+
Kd8 54. Nd3 a4 55. Ne5 Rc5 56. Nd3 Rc3 57. Nb4 Rb3 58. Na2 a3 59. Kf4 Nb5 60.
Rd2 Ke7 61. g4 g5+ 62. hxg5 hxg5+ 63. Ke4 Ke6 64. f4 Nd6+ 65. Kd4 Rb2 66. f5+
Nxf5+ 67. gxf5+ Kxf5 68. Rxb2 axb2 69. Nc3 Kf4 70. Kd3 Kf3 71. Kc2 g4 72. Nb1 g3
73. Nd2+ Ke2 0-1

[Event "Chigorin Memorial"]
[Site "St Petersburg RUS"]
[Date "2012.10.27"]
[Round "1.49"]
[White "Vocaturo, Daniele"]
[Black "Kozhabekov, Adilkhan"]
[Result "1-0"]
[WhiteTitle "GM"]
[WhiteElo "2534"]
[BlackElo "2127"]
[WhiteFideId "813192"]
[BlackFideId "13702858"]
[EventDate "2012.10.27"]

1. e4 e5 2. Nf3 Nc6 3. Bc4 Be7 4. O-O Nf6 5. d3 h6 6. Re1 O-O 7. a4 d6 8. a5 a6
9. c3 Re8 10. Qb3 Rf8 11. Nbd2 Rb8 12. d4 b6 13. axb6 Rxb6 14. Qc2 exd4 15. Nxd4
Nxd4 16. cxd4 d5 17. exd5 Bb4 18. Re5 Bd6 19. Re2 Bb7 20. Nf3 Nxd5 21. Ne5 Bxe5
22. Rxe5 Nb4 23. Qd1 Rg6 24. Bf1 Nc6 25. Re4 Nb4 26. Rg4 Rd6 27. Bf4 Rb6 28. Qd2
Kh8 29. Be5 f6 30. Bf4 g5 31. Bg3 Bc8 32. Rc1 c6 33. Re4 Bf5 34. Ree1 Qd7 35.
Rc5 Bg6 36. h3 Rd8 37. Rd1 Kg7 38. h4 Qb7 39. hxg5 hxg5 40. Bc4 Nc2 41. Rxg5
Nxd4 42. Rxg6+ Kxg6 43. Qd3+ Kg7 44. Bd6 Nb5 45. Qg3+ Kh8 46. Qh4+ Kg7 47. Rd3
Nxd6 48. Rg3+ Kf8 49. Qh8+ 1-0

[Event "Chigorin Memorial"]
[Site "St Petersburg RUS"]
[Date "2012.10.27"]
[Round "1.50"]
[White "Saveliev, Alexei"]
[Black "Alsina Leal, Daniel"]
[Result "0-1"]
[BlackTitle "GM"]
[WhiteElo "2126"]
[BlackElo "2528"]
[WhiteFideId "24128546"]
[BlackFideId "2252627"]
[EventDate "2012.10.27"]

1. e4 c5 2. Nf3 d6 3. d4 cxd4 4. Nxd4 Nf6 5. Nc3 a6 6. Be2 e5 7. Nb3 Be7 8. Be3
Be6 9. Nd5 Nbd7 10. Qd3 O-O 11. O-O Bxd5 12. exd5 Nc5 13. Nxc5 dxc5 14. Rad1 Bd6
15. f3 Nd7 16. f4 exf4 17. Bxf4 Bxf4 18. Rxf4 Ne5 19. Qf5 Qd6 20. Rh4 Ng6 21.
Re4 Rae8 22. Bd3 Rxe4 23. Qxe4 b5 24. c3 Qd7 25. Qf5 Qe7 26. Qe4 Rd8 27. Qxe7
Nxe7 28. c4 b4 29. a3 b3 30. Be2 Nf5 31. Rd3 Nd4 32. Bd1 a5 33. Bxb3 Rb8 34. Ba4
Kf8 35. Re3 g6 36. b3 Nf5 37. Re1 h5 38. Kf2 Nd6 39. Re5 Rb7 40. Ke3 Kg7 41. Kd3
Kf6 42. Re2 Rb8 43. Rb2 Ke5 44. Re2+ Kf6 45. Kc3 h4 46. Bb5 Rc8 47. Bd7 Rb8 48.
Bg4 Rb7 49. Bf3 Rc7 50. Be4 g5 51. Bd3 Ra7 52. Rb2 Ke5 53. b4 axb4+ 54. axb4
Ra3+ 55. Rb3 cxb4+ 56. Kxb4 Rxb3+ 57. Kxb3 Nb7 58. Kb4 Kd6 59. Bf5 Nc5 60. Kb5
Nb3 61. Kb6 Nc5 62. Bc2 Nd7+ 63. Kb7 Ne5 64. Bb3 Nd7 65. Kc8 f5 66. Bc2 Nb6+ 67.
Kd8 Nxc4 68. Bxf5 Ne3 69. Be4 g4 70. h3 Ke5 71. Ke7 Kxe4 72. d6 Nf5+ 73. Kf6
Nxd6 74. hxg4 Kf4 75. g5 Ne4+ 76. Kg6 Nxg5 77. Kh5 Nf3 0-1

[Event "Chigorin Memorial"]
[Site "St Petersburg RUS"]
[Date "2012.10.27"]
[Round "1.51"]
[White "Goganov, Aleksey"]
[Black "Chehlov, Aleksander"]
[Result "1-0"]
[WhiteTitle "IM"]
[BlackTitle "FM"]
[WhiteElo "2526"]
[BlackElo "2124"]
[WhiteFideId "24109959"]
[BlackFideId "11600632"]
[EventDate "2012.10.27"]

1. d4 Nf6 2. c4 e6 3. Nf3 b6 4. g3 Bb7 5. Bg2 Be7 6. O-O O-O 7. Re1 d5 8. cxd5
exd5 9. Nc3 Re8 10. Bf4 Na6 11. Rc1 c6 12. Ne5 Nc7 13. Nxc6 Bxc6 14. Bxc7 Qxc7
15. Nxd5 Nxd5 16. Bxd5 Bxd5 17. Rxc7 Bb4 18. Rf1 Bd6 19. Rd7 Re6 20. Qc2 g6 21.
f3 Rae8 22. e4 Ba8 23. Rxa7 Bf8 24. d5 Bc5+ 25. Qxc5 bxc5 26. dxe6 fxe6 1-0

[Event "Chigorin Memorial"]
[Site "St Petersburg RUS"]
[Date "2012.10.27"]
[Round "1.52"]
[White "Pershina, Elena"]
[Black "Cori, Jorge"]
[Result "0-1"]
[WhiteTitle "WFM"]
[BlackTitle "GM"]
[WhiteElo "2122"]
[BlackElo "2522"]
[WhiteFideId "24147516"]
[BlackFideId "3802272"]
[EventDate "2012.10.27"]

1. c4 Nf6 2. Nc3 e5 3. Nf3 Nc6 4. d4 exd4 5. Nxd4 Bb4 6. e3 O-O 7. Be2 Re8 8.
O-O Bxc3 9. bxc3 d6 10. Nxc6 bxc6 11. Bf3 Ne4 12. Qd4 f5 13. c5 Ba6 14. Rd1 d5
15. c4 Bxc4 16. Bb2 Qe7 17. Bxe4 fxe4 18. Rd2 Qg5 19. Rc1 Bb5 20. a4 Ba6 21. Qc3
Re7 22. Qa5 Bd3 23. Qb4 Ba6 24. h3 Rf8 25. Kh2 Ref7 26. Kg1 Bc8 27. Kf1 Qxe3 28.
Rcc2 Ba6+ 29. Kg1 Qe1+ 30. Kh2 e3 0-1

[Event "Chigorin Memorial"]
[Site "St Petersburg RUS"]
[Date "2012.10.27"]
[Round "1.53"]
[White "Stupak, Kirill"]
[Black "Nazaretyan, Tigran"]
[Result "1-0"]
[WhiteTitle "GM"]
[WhiteElo "2520"]
[BlackElo "2121"]
[WhiteFideId "13503758"]
[BlackFideId "24162345"]
[EventDate "2012.10.27"]

1. d4 d5 2. Nf3 Nf6 3. c4 c6 4. Nc3 dxc4 5. a4 Bf5 6. Ne5 Nbd7 7. Nxc4 Qc7 8.
Qd2 Nb6 9. Ne3 Be6 10. a5 Nc4 11. Nxc4 Bxc4 12. Qf4 Qd7 13. e3 Bxf1 14. Kxf1 g6
15. Ke2 Nd5 16. Qf3 Qe6 17. Rd1 Bg7 18. Ne4 f5 19. Nc5 Qc8 20. Kf1 O-O 21. Bd2
e5 22. dxe5 Bxe5 23. Kg1 Rf7 24. Nd3 Qc7 25. h3 Bg7 26. Rac1 Rd8 27. Nc5 Qe7 28.
a6 bxa6 29. b4 Rb8 30. Nxa6 Rb6 31. Nc5 Bb2 32. Rc4 Be5 33. Be1 Bd6 34. Na4 Rb8
35. Rxc6 Bxb4 36. Qxd5 Bxe1 37. Rxe1 Qb4 38. Nc3 Qb3 39. Rc8+ 1-0

[Event "Chigorin Memorial"]
[Site "St Petersburg RUS"]
[Date "2012.10.27"]
[Round "1.54"]
[White "Atabayev, Saparmyrat"]
[Black "Levin, Evgeny A."]
[Result "0-1"]
[BlackTitle "GM"]
[WhiteElo "2118"]
[BlackElo "2516"]
[WhiteFideId "14000571"]
[BlackFideId "4182596"]
[EventDate "2012.10.27"]

1. e4 c5 2. Nf3 e6 3. d4 cxd4 4. Nxd4 a6 5. Bd3 Bc5 6. Nb3 Be7 7. O-O d6 8. Be3
Nf6 9. c4 b6 10. Nc3 Bb7 11. f4 Nc6 12. Qe2 Nb4 13. Bb1 Nd7 14. Nd4 Nc6 15. f5
Nxd4 16. Bxd4 Bf6 17. Rd1 Qc7 18. Bxf6 Nxf6 19. Bc2 O-O 20. fxe6 fxe6 21. Rd2
Qc5+ 22. Kh1 Rf7 23. Rf1 Raf8 24. Rdd1 h5 25. h3 h4 26. Qf2 Nxe4 27. Qxc5 Ng3+
28. Kh2 Nxf1+ 29. Rxf1 bxc5 30. Rxf7 Rxf7 0-1

[Event "Chigorin Memorial"]
[Site "St Petersburg RUS"]
[Date "2012.10.27"]
[Round "1.55"]
[White "Makarov, Marat"]
[Black "Fedorov, Viktor"]
[Result "1-0"]
[WhiteTitle "GM"]
[WhiteElo "2516"]
[BlackElo "2118"]
[WhiteFideId "4101103"]
[BlackFideId "24195430"]
[EventDate "2012.10.27"]

1. Nf3 d5 2. d4 Nf6 3. c4 e6 4. Nc3 c6 5. Bg5 Nbd7 6. cxd5 exd5 7. e3 Be7 8. Bd3
O-O 9. O-O Re8 10. Qc2 Nf8 11. Rab1 Be6 12. b4 Rc8 13. h3 N6d7 14. Bf4 Ng6 15.
Bh2 Ndf8 16. Na4 Bd6 17. Nc5 Bxh2+ 18. Nxh2 b6 19. Nxe6 Nxe6 20. f4 Ngf8 21. Nf3
Qd6 22. Rfd1 Rc7 23. Qd2 Rce7 24. Rbc1 Nd8 25. Re1 f6 26. a4 Nb7 27. Qc3 Rc7 28.
a5 Nd8 29. Qd2 Ree7 30. axb6 axb6 31. b5 g6 32. bxc6 Nxc6 33. g4 h6 34. h4 Kg7
35. g5 Nh7 36. gxf6+ Qxf6 37. Re2 Kh8 38. Rg2 Nf8 39. Rb1 Rb7 40. Qf2 Rg7 41.
Ne5 Ne7 42. Ng4 Qe6 43. Nxh6 Nf5 44. Ng4 Rh7 45. Bxf5 gxf5 46. Ne5 Rhg7 47. Rc1
Rxg2+ 48. Kxg2 Rg7+ 49. Kh3 Qg8 50. Rc8 Kh7 51. Qf3 Kh6 52. Rc6+ Ne6 53. Qxd5
Rg3+ 54. Kh2 1-0

[Event "Chigorin Memorial"]
[Site "St Petersburg RUS"]
[Date "2012.10.27"]
[Round "1.56"]
[White "Sarana, Alexey"]
[Black "Al-Sayed, Mohammed"]
[Result "0-1"]
[BlackTitle "GM"]
[WhiteElo "2118"]
[BlackElo "2511"]
[WhiteFideId "24133795"]
[BlackFideId "12100196"]
[EventDate "2012.10.27"]

1. e4 c5 2. Nf3 d6 3. d4 cxd4 4. Nxd4 Nf6 5. Nc3 a6 6. Be3 Nbd7 7. f3 e6 8. g4
h6 9. Rg1 b5 10. h4 Nb6 11. g5 Nfd7 12. f4 hxg5 13. hxg5 Bb7 14. a3 Nc5 15. Bd3
d5 16. e5 Ne4 17. Bxe4 dxe4 18. Nxe6 fxe6 19. Qxd8+ Rxd8 20. Bxb6 Rc8 21. O-O-O
Rh3 22. Rge1 Bxa3 23. Bd4 Bb4 24. Nxe4 Bxe1 25. Nd6+ Kd7 26. Nxc8 Bg3 27. Nb6+
Kc7 28. Be3 Bc6 29. Rd6 Be1 30. Bd4 Rh1 31. c4 Bc3+ 32. Kc2 Bxd4 33. cxb5 Be4+ 0-1

[Event "Chigorin Memorial"]
[Site "St Petersburg RUS"]
[Date "2012.10.27"]
[Round "1.57"]
[White "Baryshpolets, Andrey"]
[Black "Bratus, Petr P"]
[Result "1/2-1/2"]
[WhiteTitle "IM"]
[WhiteElo "2510"]
[BlackElo "2114"]
[WhiteFideId "14117207"]
[BlackFideId "4168682"]
[EventDate "2012.10.27"]

1. Nf3 Nf6 2. c4 c6 3. d4 d5 4. Nc3 e6 5. Bg5 h6 6. Bxf6 Qxf6 7. e3 g6 8. Bd3
Bg7 9. O-O O-O 10. Rc1 Nd7 11. e4 dxc4 12. Bxc4 e5 13. d5 Nb6 14. Bb3 Rd8 15.
Qe2 Bd7 16. Rfd1 Rac8 17. h3 Bf8 18. Qe3 Kg7 19. a4 Bb4 20. Na2 Bd6 21. a5 Na8
22. dxc6 Bxc6 23. Nc3 Nc7 24. Bd5 Bxd5 25. exd5 Qe7 26. Ne4 Bb4 27. Qxa7 Nb5 28.
Qe3 Rxc1 29. Qxc1 Bxa5 30. Qc4 Nd6 31. Qc5 Qc7 32. Qxc7 Bxc7 33. Nxd6 Bxd6 34.
Nd2 f5 35. Nc4 Kf6 36. Rd3 b5 37. Na5 Ra8 38. Nb3 e4 39. Rd2 Ra4 40. Kf1 Rb4 41.
Na5 Bf4 42. Rc2 Ra4 43. Nc6 Rc4 44. Rxc4 bxc4 45. Ke2 Bc1 46. d6 Ke6 47. d7 Kxd7
48. Ne5+ Ke6 49. Nxc4 Kd5 50. b3 Bf4 51. f3 Bc7 52. fxe4+ Kxe4 53. Nd2+ Kd5 54.
Kd3 g5 55. Nc4 h5 56. b4 f4 57. b5 g4 58. b6 Bb8 59. b7 Kc6 60. hxg4 hxg4 1/2-1/2